Name that person 90s - Statistics

General Stats
  • This quiz has been taken 120 times
  • The average score is 9 of 12
Answer Stats
Picture Answer % Correct
will smith
97%
leonardo dicaprio
94%
michael jordan
86%
Macaulay Culkin
79%
ellen degeneres
77%
julia roberts
73%
mariah carey
73%
hugh grant
69%
ice cube
68%
bill gates
60%
mike myers
53%
john goodman
43%
No matching quizzes found
Score Distribution
Percent of People with Each Score
Percentile by Number Answered
Your Score History
You have not taken this quiz